Những chất kỳ lạ trong cơ thể sinh vật
Salvato in:
| Natura: | Libro |
|---|---|
| Tags: |
Aggiungi Tag
Nessun Tag, puoi essere il primo ad aggiungerne! !
|
| Thư viện lưu trữ: | Mạng thư viện Đại học Đà Nẵng |
|---|
| LEADER | 00603nam a2200193 4500 | ||
|---|---|---|---|
| 001 | 000013495 | ||
| 003 | 9837 | ||
| 005 | 20150812150823.0 | ||
| 008 | 120316s sd | ||
| 245 | 0 | 0 | |a Những chất kỳ lạ trong cơ thể sinh vật |c Bùi Xuân Đồng |
| 774 | |a Bùi Xuân Đồng |d Khoa học và kỹ thuật |d H. |d 1979 |g Tập 1 |h 145 tr. |t Sinh học các Hocmôn |w 9840 | ||
| OWN | |a LSP | ||
| 999 | |a From the UDN01 | ||
| TYP | |a Monograph | ||
| TYP | |a Printed language | ||
| 980 | |a Mạng thư viện Đại học Đà Nẵng | ||